[Event "11th Meurthe Festival KO"]
[Site "Nancy FRA"]
[Date "2013.03.10"]
[Round "1.1"]
[White "Naiditsch, Arkadij"]
[Black "Pelletier, Yannick"]
[Result "0-1"]
[WhiteTitle "GM"]
[BlackTitle "GM"]
[WhiteElo "2706"]
[BlackElo "2604"]
[WhiteFideId "4650891"]
[BlackFideId "1301837"]
[EventDate "2013.03.10"]

1. c4 e6 2. g3 f5 3. Bg2 Nf6 4. Nc3 d5 5. d4 c6 6. Nh3 Be7 7. O-O O-O 8. Qb3 Kh8
9. Bg5 Qe8 10. e3 h6 11. Bxf6 Bxf6 12. Nf4 g5 13. Nd3 Nd7 14. Rfd1 h5 15. a4 a5
16. Ne2 Rf7 17. f4 h4 18. Ne5 Rh7 19. Nf3 Qg8 20. cxd5 exd5 21. Qc2 hxg3 22.
hxg3 gxf4 23. exf4 Be7 24. Qxf5 Nf6 25. Qe5 Qf8 26. Ng5 Rg7 27. Bf3 Bd6 28. Qe3
Bf5 29. Re1 Re8 30. Qf2 Ne4 31. Bxe4 Bxe4 32. Nc3 Qf5 33. Ncxe4 dxe4 34. Qe2
Ree7 35. Kg2 Bxf4 36. Rh1+ Kg8 37. Qc4+ Ref7 38. Nxf7 Rxg3+ 39. Kf2 Bd6+ 40. Ke1
Bb4+ 41. Qxb4 Re3+ 42. Kd1 Qf3+ 43. Kc2 axb4 44. Nh6+ Kf8 45. Raf1 Re2+ 46. Kb1
Rf2 47. Rxf2 Qxf2 48. Ng4 Qg2 49. Rh4 b3 0-1

[Event "11th Meurthe Festival KO"]
[Site "Nancy FRA"]
[Date "2013.03.10"]
[Round "1.1"]
[White "Istratescu, Andrei"]
[Black "Edouard, Romain"]
[Result "1/2-1/2"]
[WhiteTitle "GM"]
[BlackTitle "GM"]
[WhiteElo "2651"]
[BlackElo "2680"]
[WhiteFideId "1200372"]
[BlackFideId "633429"]
[EventDate "2013.03.10"]

1. d4 Nf6 2. Nf3 d5 3. g3 g6 4. c4 Bg7 5. Bg2 O-O 6. O-O dxc4 7. Na3 c3 8. bxc3
c5 9. Ne5 Nd5 10. Bb2 Nc6 11. Nxc6 bxc6 12. e4 Nc7 13. e5 Rb8 14. Qc1 Nd5 15.
Re1 Bf5 16. Nc4 cxd4 17. cxd4 Nb4 18. Re2 Nd3 19. Qc3 Nxb2 20. Rxb2 Rxb2 21.
Nxb2 Qb6 22. Na4 Qb5 23. Bxc6 Qa6 24. d5 Rc8 25. Nc5 Qe2 26. Re1 Qxa2 27. Qe3
Qa5 28. e6 fxe6 29. Nxe6 Bc3 30. Rc1 Bf6 31. h4 Qb6 32. Bd7 Rxc1+ 33. Qxc1 Qb1
34. Qxb1 Bxb1 35. Kf1 Bf5 36. Ke2 Bxe6 37. dxe6 Kg7 38. Kd3 Kf8 39. Ke2 Kg7 40.
Kd3 Kf8 41. Ke4 1/2-1/2

[Event "11th Meurthe Festival KO"]
[Site "Nancy FRA"]
[Date "2013.03.10"]
[Round "1.1"]
[White "Tkachiev, Vladislav"]
[Black "Hamdouchi, Hicham"]
[Result "1-0"]
[WhiteTitle "GM"]
[BlackTitle "GM"]
[WhiteElo "2644"]
[BlackElo "2602"]
[WhiteFideId "618438"]
[BlackFideId "9000011"]
[EventDate "2013.03.10"]

1. Nf3 c5 2. c4 Nc6 3. d4 cxd4 4. Nxd4 Nf6 5. Nc3 e6 6. a3 Nxd4 7. Qxd4 b6 8.
Qf4 Bb7 9. e4 d6 10. Bd3 Be7 11. Qg3 O-O 12. Bh6 Ne8 13. Bd2 Rc8 14. Rd1 a6 15.
O-O Qc7 16. Rfe1 Bf6 17. Kh1 g6 18. Rc1 Bg7 19. Bf4 Be5 20. Bxe5 dxe5 21. b4 Nf6
22. Qe3 Rfd8 23. f3 Kg7 24. Bf1 Rd4 25. c5 bxc5 26. Na4 c4 27. Nc5 Nd7 28. Nb3
Qb6 29. Na5 Qb5 30. Red1 Rxd1 31. Rxd1 Nf6 32. Rc1 Ba8 33. Bxc4 Qa4 34. Bxa6 Rd8
35. Qb3 Qd7 36. Qb2 Qd6 37. Bf1 Nh5 38. Nc4 Qd4 39. Qxd4 exd4 40. b5 Nf4 41. Kg1
d3 42. Kf2 f5 43. Ke3 g5 44. Nb6 fxe4 45. fxe4 d2 46. Rd1 1-0

[Event "11th Meurthe Festival KO"]
[Site "Nancy FRA"]
[Date "2013.03.10"]
[Round "1.2"]
[White "Hamdouchi, Hicham"]
[Black "Tkachiev, Vladislav"]
[Result "0-1"]
[WhiteTitle "GM"]
[BlackTitle "GM"]
[WhiteElo "2602"]
[BlackElo "2644"]
[WhiteFideId "9000011"]
[BlackFideId "618438"]
[EventDate "2013.03.10"]

1. Nc3 Nf6 2. Nf3 d5 3. d4 c6 4. Bf4 Qb6 5. Na4 Qa5+ 6. c3 g6 7. Nc5 Nbd7 8. Nb3
Qb6 9. h3 Bg7 10. e3 c5 11. dxc5 Nxc5 12. Be5 Na4 13. Bd4 Qc7 14. Nbd2 Nxc3 15.
bxc3 0-1

[Event "11th Meurthe Festival KO"]
[Site "Nancy FRA"]
[Date "2013.03.10"]
[Round "1.2"]
[White "Postny, Evgeny"]
[Black "Wirig, Anthony"]
[Result "1-0"]
[WhiteTitle "GM"]
[BlackTitle "GM"]
[WhiteElo "2627"]
[BlackElo "2490"]
[WhiteFideId "2804344"]
[BlackFideId "615013"]
[EventDate "2013.03.10"]

1. d4 d5 2. c4 c6 3. Nf3 Nf6 4. Nc3 a6 5. c5 g6 6. Bf4 Nh5 7. Bd2 Bg7 8. h3 Nd7
9. g4 Nhf6 10. Bf4 Nf8 11. Bg2 Ne6 12. Be5 Nd7 13. Bxg7 Nxg7 14. Qd2 h5 15.
O-O-O b6 16. cxb6 Qxb6 17. e4 e6 18. Rhe1 Bb7 19. Ng5 O-O 20. gxh5 Nxh5 21. Bf3
Ng7 22. h4 c5 23. exd5 cxd4 24. Qxd4 Qxd4 25. Rxd4 e5 26. Rc4 Rac8 27. Rxc8 Rxc8
28. Kb1 f5 29. Be2 Kf8 30. Rd1 Ke7 31. d6+ Kf6 32. Bxa6 Rxc3 33. Bxb7 Rc5 34.
Rc1 Rxc1+ 35. Kxc1 Nc5 36. Bd5 e4 37. b4 Nd3+ 38. Kd2 Nxb4 39. Nh7+ 1-0

[Event "11th Meurthe Festival KO"]
[Site "Nancy FRA"]
[Date "2013.03.10"]
[Round "1.3"]
[White "Edouard, Romain"]
[Black "Istratescu, Andrei"]
[Result "0-1"]
[WhiteTitle "GM"]
[BlackTitle "GM"]
[WhiteElo "2680"]
[BlackElo "2651"]
[WhiteFideId "633429"]
[BlackFideId "1200372"]
[EventDate "2013.03.10"]

1. e4 e6 2. d4 d5 3. Nc3 Bb4 4. e5 c5 5. a3 Bxc3+ 6. bxc3 Qa5 7. Bd2 Qa4 8. Qg4
Kf8 9. Qd1 Ne7 10. Nf3 c4 11. g3 h6 12. Nh4 Nbc6 13. Bh3 Ke8 14. O-O Kd8 15. Ng2
Kc7 16. Ne3 Bd7 17. f4 g6 18. Ng4 h5 19. Nf6 Ng8 20. Rf2 Nxf6 21. exf6 Rad8 22.
Qe2 Kb8 23. Be1 a6 24. Bg2 Bc8 25. h3 Ka8 26. Rf3 Na7 27. Re3 Nb5 28. Qd2 Nd6
29. Re5 Bd7 30. Qc1 Bc6 31. Qb2 Ne8 32. Re2 Nxf6 33. Qb4 Qxb4 34. axb4 Kb8 35.
Bf3 Kc8 36. Kg2 Rdg8 37. Bd2 Kd7 38. g4 hxg4 39. hxg4 Rh4 40. Rh1 Rxh1 41. Kxh1
Ba4 42. Be1 g5 43. fxg5 Rxg5 44. Bh4 Rg6 45. Bxf6 Rxf6 46. Kg2 Rh6 47. Kg3 Kd6
48. Kf4 f6 49. Kg3 e5 50. dxe5+ fxe5 51. Rd2 Bc6 52. g5 Rh8 53. Kg4 Bd7+ 54. Kg3
Be6 55. Bg4 b6 56. Bxe6 Kxe6 0-1

[Event "11th Meurthe Festival KO"]
[Site "Nancy FRA"]
[Date "2013.03.10"]
[Round "1.3"]
[White "Postny, Evgeny"]
[Black "Wirig, Anthony"]
[Result "0-1"]
[WhiteTitle "GM"]
[BlackTitle "GM"]
[WhiteElo "2627"]
[BlackElo "2490"]
[WhiteFideId "2804344"]
[BlackFideId "615013"]
[EventDate "2013.03.10"]

1. d4 Nf6 2. c4 e6 3. Nf3 d5 4. g3 dxc4 5. Bg2 Bd7 6. Nbd2 Bb4 7. Qc2 Bb5 8. O-O
Nc6 9. Nxc4 Nxd4 10. Nxd4 Qxd4 11. Bxb7 Rb8 12. Na3 Bxa3 13. Bc6+ Bxc6 14. Qxc6+
Nd7 15. Be3 Qd6 16. Qa4 Bxb2 17. Rad1 Qe7 18. Rd3 Be5 19. Rc1 Bd6 20. Bxa7 Ra8
21. Qd4 O-O 22. Qe3 Ne5 23. Rdd1 Ng4 24. Qd4 Nf6 25. Qe3 e5 26. Bc5 Rxa2 27.
Bxd6 cxd6 28. Rc6 Rd8 29. Qd3 Raa8 30. Rb6 Rd7 31. Qb5 Rad8 32. h3 h6 33. Kg2
Qe6 34. Qb4 Qe7 35. Qb3 d5 36. Qb5 d4 37. f3 e4 0-1

[Event "11th Meurthe Festival KO"]
[Site "Nancy FRA"]
[Date "2013.03.10"]
[Round "1.4"]
[White "Istratescu, Andrei"]
[Black "Edouard, Romain"]
[Result "1-0"]
[WhiteTitle "GM"]
[BlackTitle "GM"]
[WhiteElo "2651"]
[BlackElo "2680"]
[WhiteFideId "1200372"]
[BlackFideId "633429"]
[EventDate "2013.03.10"]

1. d4 Nf6 2. Nf3 b6 3. g3 Bb7 4. Bg2 g6 5. O-O Bg7 6. c4 O-O 7. Nc3 Ne4 8. Nxe4
Bxe4 9. Be3 c5 10. Qd2 d6 11. Bh6 Nd7 12. Bxg7 Kxg7 13. Rfd1 Nf6 14. b3 Qc8 15.
a4 Qb7 16. d5 a6 17. Qc3 b5 18. Nd2 Bxg2 19. Kxg2 Kg8 20. e4 Nd7 21. h4 Rfb8 22.
Rdb1 Rf8 23. h5 e6 24. axb5 axb5 25. Rxa8 Qxa8 26. hxg6 fxg6 27. Ra1 Qe8 28.
cxb5 exd5 29. exd5 Ne5 30. Nc4 Ng4 31. Rf1 Qe4+ 32. Kg1 Qxd5 33. Qd2 Qh5 34. f3
Nf6 35. Qxd6 Qh3 36. Re1 Kg7 37. Re7+ Kh6 38. Qd2+ g5 39. Qh2 Qxh2+ 40. Kxh2 Rb8
41. b6 Nd5 42. Rd7 Nb4 43. Kh3 Kg6 44. Rd6+ Kf7 45. Kg4 Ke7 46. Rh6 Nd5 47. Kxg5
Rg8+ 48. Kh4 Kd7 49. Rxh7+ Kc6 50. Rh6+ Kb7 51. Rd6 Nc3 52. g4 Ne2 53. Rd7+ Kc6
54. Rc7+ Kd5 55. b7 Rb8 56. Na5 Nd4 1-0

[Event "11th Meurthe Festival KO"]
[Site "Nancy FRA"]
[Date "2013.03.10"]
[Round "2.1"]
[White "Vachier-Lagrave, Maxime"]
[Black "Istratescu, Andrei"]
[Result "1/2-1/2"]
[WhiteTitle "GM"]
[BlackTitle "GM"]
[WhiteElo "2722"]
[BlackElo "2651"]
[WhiteFideId "623539"]
[BlackFideId "1200372"]
[EventDate "2013.03.10"]

1. d4 e6 2. Nf3 Nf6 3. Bg5 h6 4. Bh4 c5 5. c3 Qb6 6. Qb3 cxd4 7. Qxb6 axb6 8.
Nxd4 Nc6 9. e3 Nxd4 10. exd4 d5 11. Bd3 Bd7 12. Nd2 b5 13. Ke2 b4 14. Rhc1 g5
15. Bg3 Nh5 16. c4 Nxg3+ 17. hxg3 Bg7 18. Nf3 Bc6 19. Ne5 O-O 20. Ke3 Ra5 21. f4
Rfa8 22. cxd5 Bxd5 23. Rc7 Bxe5 24. fxe5 Rxa2 25. Rf1 Rf8 26. Rf2 Ra1 27. Be2
Re1 28. Kd3 Rh1 29. Bf3 Bxf3 30. Rxf3 b5 31. Rb7 Rd1+ 32. Ke3 Re1+ 33. Kd3 Rd1+
34. Ke3 Re1+ 35. Kd3 1/2-1/2

[Event "11th Meurthe Festival KO"]
[Site "Nancy FRA"]
[Date "2013.03.10"]
[Round "2.1"]
[White "Svetushkin, Dmitry"]
[Black "Sanikidze, Tornike"]
[Result "1-0"]
[WhiteTitle "GM"]
[BlackTitle "GM"]
[WhiteElo "2602"]
[BlackElo "2559"]
[WhiteFideId "13900463"]
[BlackFideId "13602608"]
[EventDate "2013.03.10"]

1. e4 e5 2. Nf3 Nc6 3. Bb5 a6 4. Ba4 Nf6 5. O-O Be7 6. d3 b5 7. Bb3 d6 8. a4 Bd7
9. c3 O-O 10. Bc2 b4 11. Nbd2 Rb8 12. Re1 Na5 13. d4 bxc3 14. bxc3 exd4 15. cxd4
c5 16. e5 dxe5 17. dxe5 Nd5 18. Ne4 Nb4 19. Be3 c4 20. Nd6 Qc7 21. Ng5 Bxg5 22.
Bxg5 Nxc2 23. Qxc2 Nb3 24. Ra2 Qa5 25. Bd2 Nxd2 26. Qxd2 c3 27. Qc2 Rb2 28. Rxb2
cxb2 29. Rb1 Qxe5 30. Nc4 Rc8 31. Nxe5 Rxc2 32. Nd3 Bxa4 33. Nxb2 Bb5 34. Nd1 g6
35. Ne3 Rd2 36. g4 h6 37. h4 Kf8 38. Rc1 Ke7 39. Kg2 Kd7 40. Kg3 Rd4 41. h5 Bc6
42. g5 hxg5 43. h6 Rh4 44. Ng4 Kd6 45. Rd1+ Kc7 46. Rc1 Kb6 47. Ne5 Bd5 48. Nd7+
Kb7 49. Nf6 Be6 50. h7 a5 51. Rc5 a4 52. Rxg5 Rh6 53. Ra5 Bb3 54. Rb5+ Ka7 55.
Rb4 g5 56. Kg4 Bc2 57. Kxg5 Rh1 58. Rc4 Bxh7 59. Rxa4+ Kb7 60. Nxh7 Rxh7 61. Kf6
Kc6 62. Rd4 Kc5 63. Rd2 Kc4 64. f4 Kc5 65. f5 Kc6 66. Ke7 Rh5 67. f6 Rh7 68. Rg2
Kc7 69. Rg7 Rh1 70. Kxf7 Rh8 71. Rg2 Kd6 72. Rd2+ Ke5 73. Ke7 Kf5 1-0

[Event "11th Meurthe Festival KO"]
[Site "Nancy FRA"]
[Date "2013.03.10"]
[Round "2.2"]
[White "Sanikidze, Tornike"]
[Black "Svetushkin, Dmitry"]
[Result "1/2-1/2"]
[WhiteTitle "GM"]
[BlackTitle "GM"]
[WhiteElo "2559"]
[BlackElo "2602"]
[WhiteFideId "13602608"]
[BlackFideId "13900463"]
[EventDate "2013.03.10"]

1. d4 d5 2. c4 c6 3. Nf3 Nf6 4. Nc3 dxc4 5. e3 b5 6. a4 b4 7. Nb1 e6 8. Bxc4
Nbd7 9. O-O Be7 10. Qe2 c5 11. Nbd2 Bb7 12. Bd3 O-O 13. Rd1 Qb8 14. h3 cxd4 15.
exd4 Rd8 16. Nc4 Bd5 17. a5 a6 18. Ne3 Be4 19. Bxa6 Bxf3 20. gxf3 Nf8 21. Ng4
Ng6 22. Bc4 Nd5 23. Ne5 Qc7 24. Nxg6 hxg6 25. a6 Nf4 26. Bxf4 Qxf4 27. Qe4 Qd6
28. a7 Qc7 29. d5 Rxa7 30. dxe6 f5 31. Qe2 Rxa1 32. Rxa1 Qf4 33. b3 Bd6 34. Qe3
Qh2+ 35. Kf1 Kh7 36. Ke2 Bf4 37. e7 Bxe3 38. exd8=Q Qxf2+ 39. Kd1 Qg1+ 40. Ke2
Qf2+ 41. Kd1 Qg1+ 42. Kc2 Qf2+ 43. Kb1 Qg1+ 44. Ka2 Qf2+ 45. Kb1 Qg1+ 46. Kc2
Qf2+ 47. Kb1 Qg1+ 1/2-1/2

[Event "11th Meurthe Festival KO"]
[Site "Nancy FRA"]
[Date "2013.03.10"]
[Round "2.2"]
[White "Istratescu, Andrei"]
[Black "Vachier-Lagrave, Maxime"]
[Result "0-1"]
[WhiteTitle "GM"]
[BlackTitle "GM"]
[WhiteElo "2651"]
[BlackElo "2722"]
[WhiteFideId "1200372"]
[BlackFideId "623539"]
[EventDate "2013.03.10"]

1. d4 Nf6 2. Nf3 g6 3. Bg5 Bg7 4. Nbd2 c5 5. e3 b6 6. c3 Bb7 7. Bd3 d6 8. h3 O-O
9. O-O Nbd7 10. Qe2 Re8 11. e4 h6 12. Be3 Qc7 13. Rfe1 Rad8 14. a4 e6 15. a5
bxa5 16. dxc5 Nxc5 17. Bxc5 dxc5 18. Ra4 Rb8 19. Nc4 Ba6 20. Rea1 Bxc4 21. Rxc4
Nd5 22. Rca4 Nf4 23. Qc2 Nxd3 24. Qxd3 Rxb2 25. Rxa5 c4 26. Qe3 Qb6 27. Qe1 Bxc3 0-1

[Event "11th Meurthe Festival KO"]
[Site "Nancy FRA"]
[Date "2013.03.10"]
[Round "2.2"]
[White "Dobrov, Vladimir"]
[Black "Pelletier, Yannick"]
[Result "1-0"]
[WhiteTitle "GM"]
[BlackTitle "GM"]
[WhiteElo "2537"]
[BlackElo "2604"]
[WhiteFideId "4136594"]
[BlackFideId "1301837"]
[EventDate "2013.03.10"]

1. Nf3 e6 2. c4 f5 3. g3 Nf6 4. Bg2 d5 5. O-O Be7 6. d3 O-O 7. Nc3 d4 8. Nb5 c5
9. e3 Nc6 10. exd4 cxd4 11. Re1 a6 12. Na3 Bd6 13. Rb1 Bd7 14. Nc2 e5 15. b4 b5
16. a4 Rb8 17. axb5 axb5 18. cxb5 Rxb5 19. Bd2 Kh8 20. Na3 Rd5 21. Ng5 h6 22.
Bxd5 Nxd5 23. Nc4 Bxb4 24. Nxe5 hxg5 25. Bxb4 Ndxb4 26. Rxb4 Nxb4 27. Ng6+ Kg8
28. Ne7+ 1-0

[Event "11th Meurthe Festival KO"]
[Site "Nancy FRA"]
[Date "2013.03.10"]
[Round "2.2"]
[White "Tkachiev, Vladislav"]
[Black "Postny, Evgeny"]
[Result "1-0"]
[WhiteTitle "GM"]
[BlackTitle "GM"]
[WhiteElo "2644"]
[BlackElo "2627"]
[WhiteFideId "618438"]
[BlackFideId "2804344"]
[EventDate "2013.03.10"]

1. d4 d5 2. c4 dxc4 3. e3 Nf6 4. Bxc4 e6 5. Nf3 a6 6. O-O b5 7. Bd3 Bb7 8. Qe2
c5 9. dxc5 Bxc5 10. Bxb5+ Nbd7 11. Bd3 O-O 12. e4 Ng4 13. Bf4 Qf6 14. Bg5 Qg6
15. Nbd2 Nde5 16. Rac1 Bb6 17. Bh4 Nxd3 18. Qxd3 Nf6 19. Bxf6 Qxf6 20. Qb3 e5
21. Nc4 Bxe4 22. Qxb6 1-0

[Event "11th Meurthe Festival KO"]
[Site "Nancy FRA"]
[Date "2013.03.10"]
[Round "2.3"]
[White "Tkachiev, Vladislav"]
[Black "Postny, Evgeny"]
[Result "1/2-1/2"]
[WhiteTitle "GM"]
[BlackTitle "GM"]
[WhiteElo "2644"]
[BlackElo "2627"]
[WhiteFideId "618438"]
[BlackFideId "2804344"]
[EventDate "2013.03.10"]

1. d4 d5 2. c4 c6 3. Nf3 Nf6 4. e3 Bf5 5. Nc3 e6 6. Nh4 Bg6 7. Nxg6 hxg6 8. g3
Nbd7 9. Qd3 Bb4 10. Bg2 Qe7 11. O-O O-O 12. a3 Bd6 13. b3 Rad8 14. Bb2 dxc4 15.
bxc4 e5 16. Qc2 Rfe8 17. Rfd1 Nf8 18. d5 cxd5 19. Nxd5 Nxd5 20. Rxd5 Bc7 21. a4
Rxd5 22. Bxd5 b6 23. a5 bxa5 24. Bc3 Qc5 25. Qa4 Rc8 26. Bxa5 Bxa5 27. Qxa5 Qxa5
28. Rxa5 Rc7 29. c5 Nd7 30. c6 Nb6 31. Bb3 Kf8 32. Rxe5 Rxc6 33. Ra5 Rc7 34. h4
Nd7 35. Kg2 Nc5 36. Bd5 Ke7 37. e4 Kd6 38. Kf3 f6 39. Ke3 Nd7 40. Ra6+ Nb6 41.
Kd4 Ke7 42. Bb3 Kd6 43. f4 Re7 44. e5+ fxe5+ 45. fxe5+ Rxe5 46. Rxa7 Re7 47. Ra6
Kc7 48. Bc2 g5 49. h5 Nd7 50. Ra5 g4 51. Ra7+ Kd6 52. Bf5 Nf6 53. Rxe7 Kxe7 54.
Bg6 Ke6 55. Ke3 Ke5 56. Bf7 Nh7 57. Bg6 Ng5 58. Bd3 Nf7 59. Bg6 Nd6 60. Bd3 Nf7
61. Bg6 Ng5 62. Bd3 Ne6 63. Bg6 Nc7 64. Be4 Nb5 65. Bd3 Nd6 66. Bc2 Nc4+ 67. Kf2
Kd4 68. Bd1 Ne5 69. Be2 Ke4 70. Bd1 Nd3+ 71. Kg2 Ne5 72. Kf2 Kf5 73. Ke3 Kg5 74.
Ke4 Nd7 75. Be2 Nf6+ 76. Ke3 Nxh5 77. Kf2 Nf6 78. Bd3 Nd5 79. Be2 Kf5 80. Bd1
Nf6 81. Be2 Ke5 82. Ke3 Nd5+ 83. Kf2 Nf6 84. Ke3 Kf5 85. Bd3+ Ke5 86. Be2 Ne4
87. Bxg4 Nxg3 88. Kf3 Nf5 89. Bh5 g6 90. Bxg6 Nh4+ 91. Kg4 Nxg6 1/2-1/2

[Event "11th Meurthe Festival KO"]
[Site "Nancy FRA"]
[Date "2013.03.10"]
[Round "2.4"]
[White "Postny, Evgeny"]
[Black "Tkachiev, Vladislav"]
[Result "0-1"]
[WhiteTitle "GM"]
[BlackTitle "GM"]
[WhiteElo "2627"]
[BlackElo "2644"]
[WhiteFideId "2804344"]
[BlackFideId "618438"]
[EventDate "2013.03.10"]

1. d4 Nf6 2. c4 g6 3. Nc3 Bg7 4. e4 d6 5. f3 O-O 6. Be3 e5 7. d5 Nh5 8. Qd2 f5
9. O-O-O Nd7 10. Bd3 Nc5 11. Bc2 a6 12. Kb1 b5 13. b4 Nd7 14. c5 a5 15. c6 Ndf6
16. a3 axb4 17. axb4 fxe4 18. Nxe4 Nf4 19. Nc3 Ra3 20. g3 Rxc3 21. Qxc3 N4xd5
22. Rxd5 Nxd5 23. Bb3 Be6 24. Qd3 e4 25. fxe4 Nc3+ 26. Qxc3 Bxc3 27. Bxe6+ Kg7
28. Ne2 Be5 29. Nf4 Qa8 30. Ba2 Qa3 31. Ne6+ Kh8 0-1

[Event "11th Meurthe Festival KO"]
[Site "Nancy FRA"]
[Date "2013.03.10"]
[Round "3.1"]
[White "Tkachiev, Vladislav"]
[Black "Svetushkin, Dmitry"]
[Result "1/2-1/2"]
[WhiteTitle "GM"]
[BlackTitle "GM"]
[WhiteElo "2644"]
[BlackElo "2602"]
[WhiteFideId "618438"]
[BlackFideId "13900463"]
[EventDate "2013.03.10"]

1. Nf3 d5 2. d4 Nf6 3. c4 e6 4. Nc3 Be7 5. g3 O-O 6. Bg2 dxc4 7. Ne5 Nc6 8. Bxc6
bxc6 9. Nxc6 Qe8 10. Nxe7+ Qxe7 11. Qa4 c5 12. dxc5 Qxc5 13. Be3 Qc7 14. O-O Bb7
15. Rad1 a6 16. Rd4 Rfc8 17. Rfd1 Nd5 18. Nxd5 Bxd5 19. Bd2 Qe5 20. Be3 c3 21.
bxc3 Rxc3 22. R4d2 h6 23. Qf4 Qxf4 24. Bxf4 Ra3 25. Ra1 Rc8 26. Bd6 Rac3 27. a3
Rc1+ 28. Rd1 R1c2 29. Kf1 Bc4 30. Re1 f6 31. f3 Rd8 32. Bb4 Rd5 33. Rac1 Bxe2+
34. Kf2 Rxc1 35. Rxc1 Bb5 36. Rc8+ Kh7 37. Rc7 h5 38. Ra7 Kg6 39. h4 Rd3 40. Rc7
Rd7 41. Rxd7 Bxd7 42. f4 Kf5 43. Bf8 g6 44. Be7 e5 45. fxe5 Kxe5 46. Bd8 Kf5 47.
Be7 Bc8 48. Bd8 Bd7 49. Be7 Bc8 50. Bd8 1/2-1/2

[Event "11th Meurthe Festival KO"]
[Site "Nancy FRA"]
[Date "2013.03.10"]
[Round "3.2"]
[White "Svetushkin, Dmitry"]
[Black "Tkachiev, Vladislav"]
[Result "0-1"]
[WhiteTitle "GM"]
[BlackTitle "GM"]
[WhiteElo "2602"]
[BlackElo "2644"]
[WhiteFideId "13900463"]
[BlackFideId "618438"]
[EventDate "2013.03.10"]

1. e4 e5 2. Nf3 Nc6 3. Bb5 a6 4. Ba4 Nf6 5. O-O Be7 6. Re1 b5 7. Bb3 O-O 8. h3
Bb7 9. d3 d6 10. a3 Re8 11. Nc3 Qd7 12. Ba2 h6 13. Be3 Bf8 14. Nd5 Nxd5 15. Bxd5
Rab8 16. c4 Ne7 17. Bxb7 Rxb7 18. b4 Ng6 19. Qc2 c5 20. Rab1 Rc8 21. Rec1 Rbc7
22. Nd2 Nf4 23. Bxf4 exf4 24. Nf3 cxb4 25. axb4 bxc4 26. dxc4 Qe6 27. Nd2 f3 28.
Qd3 fxg2 29. Kxg2 Be7 30. Ra1 Bg5 31. Rxa6 Bxd2 32. Qxd2 Qxe4+ 33. Kg1 Rxc4 34.
Rxc4 Rxc4 35. Rxd6 Rxb4 36. Rd8+ Kh7 37. Qd3 Rb1+ 38. Kh2 Rh1+ 39. Kg3 Rg1+ 40.
Kh2 Rg2+ 41. Kh1 Qxd3 42. Rxd3 Rxf2 43. Rd6 f6 44. Ra6 g5 45. Kg1 Rf4 46. Kg2
Kg6 47. Ra5 Rb4 48. Ra6 h5 49. Rc6 g4 50. h4 Rb2+ 51. Kg3 Rb3+ 52. Kg2 Rh3 0-1

[Event "11th Meurthe Festival KO"]
[Site "Nancy FRA"]
[Date "2013.03.10"]
[Round "4.1"]
[White "Dobrov, Vladimir"]
[Black "Tkachiev, Vladislav"]
[Result "1/2-1/2"]
[WhiteTitle "GM"]
[BlackTitle "GM"]
[WhiteElo "2537"]
[BlackElo "2644"]
[WhiteFideId "4136594"]
[BlackFideId "618438"]
[EventDate "2013.03.10"]

1. d4 Nf6 2. c4 e6 3. Nf3 b6 4. Nc3 Bb7 5. a3 d5 6. Bg5 Be7 7. Qa4+ Qd7 8. Qb3
dxc4 9. Qxc4 O-O 10. e3 Rc8 11. Be2 c5 12. O-O cxd4 13. Qxd4 Qxd4 14. Nxd4 Nbd7
15. Rfd1 h6 16. Bh4 Kf8 17. Rac1 Nc5 18. f3 Nd5 19. Bxe7+ Kxe7 20. Nxd5+ Bxd5
21. e4 Bb3 22. Rd2 Ba4 23. Bd1 Bd7 24. e5 Na4 25. Rcc2 Rc5 26. b4 Rc3 27. Ne2
Rxc2 28. Rxc2 a5 29. Nd4 axb4 30. axb4 b5 31. Be2 Nb6 32. Bxb5 Bxb5 33. Nxb5 Nd5
34. Nd6 f6 35. b5 fxe5 36. Ne4 Ra1+ 37. Kf2 Rb1 38. Ra2 Rxb5 39. Ra7+ Kf8 40.
Ra8+ Ke7 41. Ra7+ Kf8 42. Ra8+ Ke7 43. Ra7+ 1/2-1/2